| 000 | 00384nam a2200133Ia 4500 | ||
|---|---|---|---|
| 008 | 250610s9999 xx 000 0 und d | ||
| 082 | _a920.71 KAR | ||
| 100 | _aKarar, Erum Iqbal | ||
| 245 | 0 |
_aRehbar E Karwan (رہبرِ کارواں): _bMuhammad Usman Hashim (Kath) |
|
| 260 |
_aKarachi: _bUsman Memorial Foundation, _c2009 |
||
| 300 | _a191p. | ||
| 600 | _aBiography | ||
| 942 | _cGB | ||
| 999 |
_c31429 _d31429 |
||